000 00607nam a2200229Ia 4500
003 OSt
005 20220923213143.0
006 a|||||r|||| 00| 0
007 ta
008 220922b |||||||| |||| 00| 0 hin d
024 _a159,316
037 _cTextual
040 _aARTS
_cARTS
_bhin
041 _2hin
_ahin
082 _aO152:1:9, H6
100 _aखत्री, एस0 पी0
245 0 _aकाव्य की परख
246 _aKāvya kī parakha
260 _c1946
942 _hO152:1:9, H6
_cTEXL
_2CC
999 _c314063
_d314063